Score 0/200 Timer 20:00
0 Plays Today
% Correct
Alex Trebek
87.5%
Bill Cullen
18.8%
Monty Hall
12.5%
Jim Lange
6.3%
Dick Clark
6.3%
Jim Perry
6.3%
Regis Philbin
6.3%
Jack Narz
6.3%
Tom Kennedy
6.3%
Bob Eubanks
6.3%
Bob Eubanks
6.3%
$1,000,000 Chance of a Lifetime Jim Lange
0%
$1.98 Beauty Contest Rip Taylor
0%
$10,000 Pyramid Dick Clark
0%
$100,000 Big Surprise Mike Wallace
0%
$100,000 Fortune Hunt Mike Jackson and Linda Kohlmeyer
0%
$100,000 Name That Tune, The Tom Kennedy
0%
$100,000 Pyramid Dick Clark
0%
John Davidson
0%
$128,000 Question Mike Darow
0%
$20,000 Pyramid Dick Clark
0%
$25,000 Name that Tune Tom Kennedy
0%
$25,000 Pyramid Bill Cullen
0%
$50,000 Pyramid Dick Clark
0%
$64,000 Challenge Sonny Fox
0%
Ralph Story
0%
$64,000 Question Hal March
0%
$ale of the Century Joe Garagiola
0%
Jack Kelly
0%
3rd Degree Bert Convy
0%
50 Grand Slam Tom Kennedy
0%
:10 Seconds Dan Miller
0%
About Faces Ben Alexander
0%
All About the Opposite Sex David Sparks
0%
All New Beat the Clock, The Monty Hall
0%
All New Dating Game, The Jeff MacGregor
0%
Elaine Joyce
0%
All New Let's Make a Deal, The Monty Hall
0%
Bob Hilton
0%
All Star Secrets Bob Eubanks
0%
All-Star Anything Goes Bill Boggs
0%
All-Star Baffle Dick Enberg
0%
All-Star Blitz Peter Marshall
0%
Almost Anything Goes Charlie Jones
0%
Lynn Shackelford
0%
Dick Whittington
0%
Amateur's Guide to Love Gene Rayburn
0%
American Gladiators Mike Adamle
0%
Todd Christensen
0%
Larry Czonka
0%
Joe Theismann
0%
Lisa Malosky
0%
Nitro (Dan Clark)
0%
Alan Thicke
0%
Anniversary Game, The Al Hamel
0%
Anything for Money Fred Travalena
0%
Anything You Can Do Gene Wood
0%
Baby Game Richard Hayes
0%
Baby Races Fred Travalena
0%
Baffle Dick Enberg
0%
Bank on the Stars Bill Cullen
0%
Bargain Hunters Peter Tomarken
0%
Battle of the Brains (in Richmond, VA) Frank Soden
0%
Garet Chester
0%
May-Lily Lee
0%
Battlestars Alex Trebek
0%
Beach Clash David Hirsch and Alison Armitage
0%
% Correct
Beat the Clock Clayton 'Bud' Collyer
0%
Gene Wood
0%
Beat the Odds Johnny Grant
0%
Better Sex, The Bill Anderson and Sarah Purcell
0%
Big Date, The Mark Walberg
0%
Big Deal! Mark DeCarlo
0%
Big Game, The Tom Kennedy
0%
Big Payoff, The Randy Merriman
0%
Bess Myerson
0%
Robert Paige?
0%
Bert Parks
0%
Big Showdown, The Jim Peck
0%
Big Surprise Jack Barry
0%
Mike Wallace
0%
Blackout Bob Goen
0%
Blade Warriors Mac Maki, Jim Davidson, and Kiana Tom
0%
Blank Check Art James
0%
Blankety Blanks Bill Cullen
0%
Blockbusters Bill Cullen
0%
Bill Rafferty
0%
Boardwalk and Baseball Super Bowl of Sports Trivia Chris Berman
0%
Bobcat's Big Ass Show Bobcat Goldthwait
0%
Body Language Tom Kennedy
0%
Boggle Winston C. 'Wink' Martindale
0%
Born Lucky Bob Goen
0%
Bowling for Dollars [locally produced]
0%
Brain Game [locally produced]
0%
Bob Gregory
0%
Break the Bank Gene Rayburn
0%
Bert Parks
0%
Joe Farago
0%
Jack Barry
0%
Bill Cullen (guest host)
0%
Bullseye
0%
Bzzz! Annie Wood
0%
Caesar's Challenge Ahmad Rashad
0%
Geoff Edwards
0%
Celebrity Hot Potato Bill Cullen
0%
Art Fleming
0%
Jack Narz
0%
California Big Spin Chuck ?
-6.3%
Larry Anderson
-6.3%
Call My Bluff Bill Leyden
-6.3%
Camouflage Don Morrow
-6.3%
Tom Campbell
-6.3%
Campus Challenge David Johnston
-6.3%
Can Do Robert Alda
-6.3%
Can You Top This? Dick Gautier?
-6.3%
W inston C. 'Wink' Martindale
-6.3%
Candlepins for Cash [locally produced?]
-6.3%
Card Sharks Jim Perry
-6.3%
Bill Rafferty
-6.3%
Catch Phrase Art James
-6.3%
Celebrity Charades Jay Johnson
-6.3%
Celebrity Double Talk Henry Polic II
-6.3%
Celebrity Game Carl Reiner
-6.3%
Celebrity Sweepstakes Jim McKrell
-6.3%
Celebrity Time Conrad Nagel
-6.3%
Celebrity Whew! Tom Kennedy
-6.3%
Chain Letter Jan Murray
-6.3%
Chain Reaction Bill Cullen
-6.3%
Challengers, The Dick Clark
-6.3%
Charge Account Jan Murray
-6.3%
Cheap Show, The Dick Martin
-6.3%
Child's Play Bill Cullen
-6.3%
Choose Up Sides Gene Rayburn
-6.3%
Clash! Billy Kimball
-6.3%
% Correct
Classic Concentration Alex Trebek
-6.3%
Click Ryan Seacrest
-6.3%
College Bowl Pat Sajak
-6.3%
Dick Cavett
-6.3%
College Mad House Greg Kinnear
-6.3%
Come Closer Jimmy Nelson
-6.3%
Concentration Jack Barry
-6.3%
Hugh Downs
-6.3%
Ed McMahon
-6.3%
Bob Clayton
-6.3%
Art James
-6.3%
Bill McCord
-6.3%
Contract
-6.3%
Contraption Ralph Harris
-6.3%
Couch Potatoes Marc Summers
-6.3%
CrossWits Jack Clark
-6.3%
David Sparks
-6.3%
Dating Game, The Jim Lange
-6.3%
Jeff MacGregor
-6.3%
Brad Sherwood
-6.3%
Dealer's Choice Jack Clark
-6.3%
Bob Hastings
-6.3%
Debt Winston C. 'Wink' Martindale
-6.3%
Designated Hitter Curt Chaplin
-6.3%
Dialing for Dollars [locally produced]
-6.3%
Jack Wells and Ann Mar - Baltimore, MD
-6.3%
George Rogers and Ann Mar
-6.3%
- Baltimore, MD
-6.3%
George Rogers and Sylvia Scott
-6.3%
- Baltimore, MD
-6.3%
Stu Kerr - Baltimore, MD
-6.3%
Bruce Elliott - Baltimore, MD
-6.3%
Diamond Head Game Bob Eubanks
-6.3%
Do You Trust Your Wife? Edgar Bergen
-6.3%
Doctor I.Q. Tom Kennedy
-6.3%
Dollar a Second Jan Murray
-6.3%
Dotto Jack Narz
-6.3%
Double Dare Alex Trebek
-6.3%
Double Dare (on Nick) Marc Summers
-6.3%
Double Exposure Steve Dunne
-6.3%
Double or Nothing Bert Parks
-6.3%
Double Talk Henry Polic II
-6.3%
Double Up JD Roth
-6.3%
Dough-Re-Mi Gene Rayburn
-6.3%
Down You Go Bergen Evans
-6.3%
Dream House Mike Darow
-6.3%
Dream League John Naber
-6.3%
Dwight Stones
-6.3%
Every Second Counts Bill Rafferty
-6.3%
Everybody's Talking Lloyd Thaxton
-6.3%
Eye Guess Bill Cullen
-6.3%
Face is Familiar, The Jack Whitaker
-6.3%
Face the Facts Red Rowe
-6.3%
Face the Music Ron Ely
-6.3%
Family Challenge, The Ray Combs
-6.3%
Michael Burger
-6.3%
Family Double Dare Marc Summers
-6.3%
Family Feud Richard Dawson
-6.3%
Ray Combs
-6.3%
Family Fortunes Melvin and Mario Van Peebles
-6.3%
Family Game, The Bob Barker
-6.3%
Family Secrets Bob Eubanks
-6.3%
Fandango Bill Anderson and Blake Pickett
-6.3%
Feather Your Nest Clayton 'Bud' Collyer
-6.3%
Figure it Out Summer Sanders
-6.3%
Finders Keepers Wesley Eure
-6.3%

You're not logged in!

Compare scores with friends on all Sporcle quizzes.
OR
Log In

Sporcle TV

Today on Sporcle TV


Watch our educational content, quiz creation guides, and fun videos on Sporcle TV.

Show Comments

Extras

Created Sep 29, 2009ReportNominate
Tags:Board Games Quiz, Show Quiz, host

Top Quizzes Today


Score Distribution

Paid Content

Your Account Isn't Verified!

In order to create a playlist on Sporcle, you need to verify the email address you used during registration. Go to your Sporcle Settings to finish the process.

Report this User

Report this user for behavior that violates our Community Guidelines.

Details: